Magyarország 1986

Uložené v:
Podrobná bibliografia
Médium: Kniha
Jazyk:Hungarian
Vydavateľské údaje: Budapest Budapress 1986
Vydanie:1. kiadás.
Tagy: Pridať tag
Žiadne tagy, Buďte prvý, kto otaguje tento záznam!

MARC

LEADER 00000nam a2200000 4500
001 c027698
005 20260116074655.4
041 0 |a hun 
044 |a HU 
245 1 0 |a Magyarország 1986 
250 |a 1. kiadás. 
264 1 |a Budapest  |b Budapress  |c 1986 
300 |a 168 s.